| 000 | 01189nam a22002537i 4500 | ||
|---|---|---|---|
| 999 |
_c22696 _d22696 |
||
| 003 | AR-CdUCM | ||
| 008 | 230927b20202020pe ao||| i||| 00| 0 spa d | ||
| 020 | _a978-612-4375-17-0 | ||
| 040 |
_aMUNICIPALIDAD PROVINCIAL DEL CUSCO _cBIBLIOTECA MUNICIPAL DEL CUSCO |
||
| 041 | _hspa | ||
| 082 |
_a305.8 / F63 / T.I _bF63 / T.I |
||
| 100 |
_aFlores Ochoa, Jorge A. _91877 |
||
| 245 |
_aUna Vida en los Andes : _bEtnografía del Sur Andino / |
||
| 260 |
_aCusco : _bDirección Desconcentrada de Cultura de Cusco, _c2020. |
||
| 300 |
_a537 páginas. : _c23cm. |
||
| 500 | _zBibliografía: página 537. | ||
| 505 | _aPastores de alpacas de los incas -- Mitos y canciones ceremoniales en comunidades de Puno -- El inka histórico es el enqa contemporáneo -- La defensa de los saberes andinos -- Etnohistoria de la coca -- Causas que originaron la actual distribución espacial de las alpacas y llamas -- El descubrimiento de machupiqchu. tradición oral -- Simbolismo -- El torito de pukara -- Taytacha Qoylloriti. | ||
| 650 |
_aEtnohistoria _92030 |
||
| 650 |
_aPastores _948883 |
||
| 650 |
_aMitos _912603 |
||
| 650 |
_aPuna _948884 |
||
| 942 |
_2ddc _cLIBROS |
||
| 945 |
_apebm _d2023-09-27 |
||